FUZZY LOGIC:intelligence, control, and information (Record no. 1249)

MARC details
000 -LEADER
fixed length control field 00437nam a22001697a 4500
005 - DATE AND TIME OF LATEST TRANSACTION
control field 20180208121330.0
008 - FIXED-LENGTH DATA ELEMENTS--GENERAL INFORMATION
fixed length control field 160521b xxu||||| |||| 00| 0 eng d
020 ## - INTERNATIONAL STANDARD BOOK NUMBER
ISBN 81-7806-906-8
041 ## - LANGUAGE CODE
Language code of text/sound track or separate title eng
082 ## - DEWEY DECIMAL CLASSIFICATION NUMBER
Item number 3654
Classification number 006.3
100 ## - MAIN ENTRY--AUTHOR NAME
Personal name John Yen Reza Langari
245 ## - TITLE STATEMENT
Title FUZZY LOGIC:intelligence, control, and information
260 ## - PUBLICATION, DISTRIBUTION, ETC. (IMPRINT)
Name of publisher Pearsons
Year of publication 2003
300 ## - PHYSICAL DESCRIPTION
Number of Pages 500
650 ## - SUBJECT ADDED ENTRY--TOPICAL TERM
Topical Term Information Technology
942 ## - ADDED ENTRY ELEMENTS (KOHA)
Koha item type Books
Holdings
Lost status Damaged status Collection code Home library Current library Shelving location Date acquired Full call number Accession Number Koha item type
    CS/IT JRU Library JRU Library SHELF-52-C 21/05/2016 006.3 3654 Books
      JRU Library   SHELF-29-D 21/05/2016 3654 3655 Books
    CS/IT JRU Library JRU Library SHELF-53-D 21/05/2016 006.3 3656 Books